000 00752nam a22002417a 4500
003 00
005 20180716110431.0
008 0
010 _aB-094493
020 _c900.00
_a8175241446
035 _aB-094493, B-094494
037 _bCen Lib/Ret
040 _aDPL
_bEN
_c0
082 _a550.3
_bAZI
245 _aA-Z illustrated encyclopaedia of earth science /
_cedited and compiled by Priyanka Narang
260 _aNew Delhi
_bKSK Publishers & Distributors
_c2003
270 _bNew Delhi
_a4264/3, Ansari Road, Darya Ganj
_e110002
300 _a472p.
_c22cm(Hb)
650 _aEarth sciences -- Encyclopedias
_939887
650 _aEarth sciences
_9116439
700 _aNarang, Priyanka
_939889
942 _2ddc
_cEN
_h550.3
_mAZI
999 _c134133
_d134133